000 00389nam a2200145Ia 4500
008 231129s1927||||xx |||||||||||||| ||spa||
020 _a978-958-42-3310-3
040 _bspa
082 _aCo863 G216n
100 _aGarcí­a Márquez Gabriel
245 0 _aEl coronel no tiene quie le escriba
260 _c1927
264 _aPlaneta
942 _2ddc
_cBKS
999 _c10699
_d10699